[Event "EU-Cup 31st"]
[Site "Skopje"]
[Date "2015.10.21"]
[Round "4.5"]
[White "Christensen, Esben"]
[Black "Hofer, Christian"]
[Result "1-0"]
[WhiteElo "2047"]
[BlackElo "1984"]
[PlyCount "55"]
[EventDate "2015.10.18"]
[EventType "team-swiss"]
[EventRounds "7"]
[EventCountry "MKD"]
[SourceTitle "CBM 169"]
[Source "ChessBase"]
[SourceDate "2015.11.10"]
[SourceVersion "1"]
[SourceVersionDate "2015.11.10"]
[SourceQuality "1"]
[WhiteTeam "Bronshoj"]
[BlackTeam "Raika Feffernitz"]
[WhiteTeamCountry "DEN"]
[BlackTeamCountry "AUT"]

1. e4 c5 2. Nf3 e6 3. d4 cxd4 4. Nxd4 Qb6 5. Nb3 Qc7 6. Bd3 Nf6 7. 0-0 d6 8. f4 Nbd7 9. Nc3 a6 10. a4 b6 11. Qe2 Be7 12. Bd2 Bb7 13. Rae1 e5 14. f5 d5 15. Nxd5 Nxd5 16. exd5 Bxd5 17. Bc3 Bd6 18. Bxa6 0-0 19. Bb5 Rad8 20. Nd2 Nf6 21. Nc4 Bc5+ 22. Kh1 e4 23. Ne3 Ba8 24. Bxf6 gxf6 25. Qh5 Rd2 26. Qh6 Bd6 27. Ng4 Be5 28. Qxd2 1-0

[Event "AUT-chT2M 1314"]
[Site "Austria"]
[Date "2014.03.22"]
[Round "7.3"]
[White "Hofer, Christian"]
[Black "Schwabeneder, Florian"]
[Result "1/2-1/2"]
[WhiteElo "1920"]
[BlackElo "2327"]
[PlyCount "59"]
[EventDate "2013.10.04"]
[EventType "team-tourn"]
[EventRounds "11"]
[EventCountry "AUT"]
[SourceTitle "EXT 2015"]
[Source "ChessBase"]
[SourceDate "2014.11.20"]
[SourceVersion "1"]
[SourceVersionDate "2014.11.20"]
[SourceQuality "1"]
[WhiteTeam "Feffernitz"]
[BlackTeam "Grieskirchen/Sedda"]
[WhiteTeamCountry "AUT"]
[BlackTeamCountry "AUT"]

1. d4 Nf6 2. Nf3 c5 3. d5 d6 4. Nc3 g6 5. e4 Bg7 6. Be2 0-0 7. 0-0 Na6 8. Be3 Nc7 9. a4 b6 10. Nd2 e6 11. dxe6 fxe6 12. a5 d5 13. axb6 axb6 14. Rxa8 Nxa8 15. Bg5 h6 16. Bh4 g5 17. Bg3 Nc7 18. h4 Bb7 19. hxg5 hxg5 20. Nf3 d4 21. Nxg5 dxc3 22. Qxd8 Rxd8 23. Bxc7 Rc8 24. Nxe6 Nxe4 25. bxc3 Nxc3 26. Bg4 Nd5 27. Bg3 Bf6 28. c4 Nc3 29. Nc7 Rd8 30. Re1 1/2-1/2

[Event "Feffernitz Raika op 22nd"]
[Site "Feffernitz"]
[Date "2013.08.22"]
[Round "6"]
[White "Barucco, Mattia"]
[Black "Hofer, Christian"]
[Result "1/2-1/2"]
[WhiteElo "2006"]
[BlackElo "1898"]
[PlyCount "40"]
[EventDate "2013.08.18"]
[EventType "swiss"]
[EventRounds "9"]
[EventCountry "AUT"]
[SourceTitle "CBM 156 Extra"]
[Source "ChessBase"]
[SourceDate "2013.10.22"]
[SourceVersion "1"]
[SourceVersionDate "2013.10.22"]
[SourceQuality "1"]

1. e4 c5 2. Nc3 e6 3. f4 Nc6 4. Nf3 a6 5. g3 d5 6. Bg2 Nf6 7. exd5 exd5 8. 0-0 Be7 9. Ne5 0-0 10. Nxc6 bxc6 11. b3 Bg4 12. Bf3 Bxf3 13. Qxf3 Qb6 14. Kg2 Rfe8 15. d3 Rad8 16. Be3 Qa5 17. Na4 d4 18. Bf2 Nd5 19. Be1 Qc7 20. Bd2 Bd6 1/2-1/2

[Event "Feffernitz Raika op 22nd"]
[Site "Feffernitz"]
[Date "2013.08.20"]
[Round "4"]
[White "Ivanov, Mikhail M"]
[Black "Hofer, Christian"]
[Result "1-0"]
[WhiteElo "2390"]
[BlackElo "1898"]
[PlyCount "39"]
[EventDate "2013.08.18"]
[EventType "swiss"]
[EventRounds "9"]
[EventCountry "AUT"]
[SourceTitle "CBM 156 Extra"]
[Source "ChessBase"]
[SourceDate "2013.10.22"]
[SourceVersion "1"]
[SourceVersionDate "2013.10.22"]
[SourceQuality "1"]

1. Nf3 Nf6 2. c4 g6 3. Nc3 d5 4. cxd5 Nxd5 5. Qb3 Nb6 6. d4 Bg7 7. Bf4 0-0 8. e3 Be6 9. Qa3 c6 10. Ng5 Bc4 11. Bxc4 Nxc4 12. Qb3 e5 13. dxe5 Qd2+ 14. Kf1 Qd3+ 15. Kg1 b5 16. e6 fxe6 17. Nxe6 Na6 18. Nxb5 Nxb2 19. Nxf8+ Kh8 20. Ne6 1-0

[Event "Feffernitz Raika op 22nd"]
[Site "Feffernitz"]
[Date "2013.08.19"]
[Round "3"]
[White "Hofer, Christian"]
[Black "Kosmac, Blaz"]
[Result "1/2-1/2"]
[WhiteElo "1898"]
[BlackElo "2209"]
[PlyCount "73"]
[EventDate "2013.08.18"]
[EventType "swiss"]
[EventRounds "9"]
[EventCountry "AUT"]
[SourceTitle "CBM 156 Extra"]
[Source "ChessBase"]
[SourceDate "2013.10.22"]
[SourceVersion "1"]
[SourceVersionDate "2013.10.22"]
[SourceQuality "1"]

1. d4 c5 2. Nf3 cxd4 3. Qxd4 Nf6 4. c4 Nc6 5. Qd1 d5 6. e3 e5 7. cxd5 Nxd5 8. Bc4 Bb4+ 9. Nfd2 Be6 10. 0-0 0-0 11. a3 Be7 12. e4 Nf4 13. Nc3 Nd4 14. Bxe6 fxe6 15. Nc4 Qc7 16. Bxf4 Rxf4 17. Ne3 b5 18. Rc1 Qb6 19. Ncd5 exd5 20. Nxd5 Qd6 21. Nxf4 exf4 22. Qg4 Rf8 23. Rc8 Rxc8 24. Qxc8+ Bf8 25. Qg4 Qe5 26. f3 Nc2 27. Qd7 Qxb2 28. Qe6+ Kh8 29. Qc8 Qxa3 30. Qxc2 Qe3+ 31. Kh1 Bc5 32. Rc1 Bf8 33. Qc8 Kg8 34. Qe6+ Kh8 35. Qc8 Kg8 36. Qe6+ Kh8 37. Qc8 1/2-1/2

[Event "Feffernitz Raika op 21st"]
[Site "Feffernitz"]
[Date "2012.08.21"]
[Round "4"]
[White "Hofer, Christian"]
[Black "Kesik, Klaus Dieter"]
[Result "0-1"]
[WhiteElo "1856"]
[BlackElo "2243"]
[PlyCount "96"]
[EventDate "2012.08.19"]
[EventType "swiss"]
[EventRounds "9"]
[EventCountry "AUT"]
[SourceTitle "CBM 150 Extra"]
[Source "ChessBase"]
[SourceDate "2012.10.19"]
[SourceVersion "1"]
[SourceVersionDate "2012.10.19"]
[SourceQuality "1"]

1. d4 c5 2. Nf3 cxd4 3. Nxd4 Nf6 4. g3 g6 5. Bg2 Bg7 6. 0-0 0-0 7. c4 Nc6 8. Nc3 Qb6 9. Nb3 d6 10. Be3 Qd8 11. c5 Ng4 12. Bf4 e5 13. Bc1 dxc5 14. Qxd8 Rxd8 15. Nxc5 Bf8 16. Nd3 f6 17. Bd5+ Kg7 18. f3 Nh6 19. f4 exf4 20. Bxf4 g5 21. Bd2 Nb4 22. Nxb4 Bxb4 23. e4 Bh3 24. Be3 Bxf1 25. Rxf1 Ng4 26. Bd4 Ne5 27. a3 Ba5 28. Na4 g4 29. Bxe5 fxe5 30. Rf7+ Kg6 31. Rxb7 Rac8 32. b4 Rf8 33. bxa5 Rc1+ 34. Kg2 Rc2+ 35. Kg1 Rff2 36. Bb3 Rg2+ 37. Kf1 Rcf2+ 38. Ke1 Rxh2 39. Nc5 Rfg2 40. Kf1 Rxg3 41. Bf7+ Kf6 42. Be8 Rxa3 43. Kg1 Rc2 44. Rf7+ Kg5 45. Ne6+ Kh4 46. Rf1 Rg3+ 47. Kh1 Rh3+ 48. Kg1 Kg3 0-1

[Event "Feffernitz Raika op 20th"]
[Site "Feffernitz"]
[Date "2011.08.27"]
[Round "8"]
[White "Kock, Hans Uwe"]
[Black "Hofer, Christian"]
[Result "1-0"]
[WhiteElo "2084"]
[BlackElo "1834"]
[PlyCount "83"]
[EventDate "2011.08.21"]
[EventType "swiss"]
[EventRounds "9"]
[EventCountry "AUT"]
[SourceTitle "CBM 144 Extra"]
[Source "ChessBase"]
[SourceDate "2011.10.28"]
[SourceVersion "1"]
[SourceVersionDate "2011.10.28"]
[SourceQuality "1"]

1. d4 Nf6 2. c4 g6 3. Nc3 d5 4. cxd5 Nxd5 5. e4 Nxc3 6. bxc3 Bg7 7. Bc4 c5 8. Ne2 0-0 9. 0-0 Nc6 10. Be3 Qc7 11. Rc1 Bd7 12. f4 Bg4 13. h3 Bxe2 14. Bxe2 cxd4 15. cxd4 Qb6 16. Rb1 Qc7 17. d5 Na5 18. Rc1 Qd7 19. Qd2 b6 20. e5 Rad8 21. Rfd1 f6 22. Bg4 Qb7 23. Be6+ Kh8 24. Bd4 Rxd5 25. Bxd5 Qxd5 26. exf6 exf6 27. Bxf6 Qxd2 28. Bxg7+ Kxg7 29. Rxd2 Rxf4 30. Rc7+ Kh6 31. Rxa7 Rb4 32. Rdd7 Ra4 33. Rxh7+ Kg5 34. Raf7 Rxa2 35. Kh2 Ra3 36. h4+ Kg4 37. Rf6 Nc4 38. Rxg6+ Kf5 39. Rg5+ Kf4 40. Rf7+ Ke4 41. h5 Ne3 42. h6 1-0

[Event "Feffernitz Raika op 20th"]
[Site "Feffernitz"]
[Date "2011.08.24"]
[Round "5"]
[White "Hofer, Christian"]
[Black "Tsifanskaya, Ludmila A"]
[Result "0-1"]
[WhiteElo "1834"]
[BlackElo "2119"]
[PlyCount "96"]
[EventDate "2011.08.21"]
[EventType "swiss"]
[EventRounds "9"]
[EventCountry "AUT"]
[SourceTitle "CBM 144 Extra"]
[Source "ChessBase"]
[SourceDate "2011.10.28"]
[SourceVersion "1"]
[SourceVersionDate "2011.10.28"]
[SourceQuality "1"]

1. d4 Nf6 2. g3 g6 3. Bg2 Bg7 4. Nf3 0-0 5. 0-0 d6 6. c4 Nc6 7. Nc3 a6 8. h3 Rb8 9. e4 b5 10. Qe2 Na5 11. cxb5 axb5 12. Bd2 Nc4 13. b4 Nxd2 14. Nxd2 c5 15. dxc5 dxc5 16. e5 Nd7 17. f4 cxb4 18. Nd5 Nb6 19. Ne3 Na4 20. Nb3 Nc3 21. Qf2 Bb7 22. Nc2 Bxg2 23. Qxg2 Nd5 24. Kh1 e6 25. Rfe1 Qe7 26. Ncd4 Rfc8 27. Rac1 Qd7 28. Nc5 Qe8 29. Ne4 Rxc1 30. Rxc1 Rc8 31. Qd2 Rxc1+ 32. Qxc1 Qa8 33. Qc6 Qxc6 34. Nxc6 Nc3 35. Nd2 Nxa2 36. Nb3 Bf8 37. Kg2 Nc3 38. Ncd4 Be7 39. Kf3 Kf8 40. Ke3 Ke8 41. Kd3 Kd7 42. Nf3 Kc6 43. g4 Kd5 44. Nbd2 h6 45. h4 Na4 46. g5 h5 47. Nd4 Nb2+ 48. Ke3 Nc4+ 0-1

[Event "Feffernitz Raika op 20th"]
[Site "Feffernitz"]
[Date "2011.08.23"]
[Round "4"]
[White "Globevnik, Iztok"]
[Black "Hofer, Christian"]
[Result "0-1"]
[WhiteElo "1798"]
[BlackElo "1834"]
[PlyCount "55"]
[EventDate "2011.08.21"]
[EventType "swiss"]
[EventRounds "9"]
[EventCountry "AUT"]
[SourceTitle "CBM 144 Extra"]
[Source "ChessBase"]
[SourceDate "2011.10.28"]
[SourceVersion "1"]
[SourceVersionDate "2011.10.28"]
[SourceQuality "1"]

1. e4 c5 2. Nf3 e6 3. d4 cxd4 4. Nxd4 Qb6 5. Nb3 Qc7 6. Nc3 a6 7. g3 Nf6 8. Bg2 Be7 9. 0-0 d6 10. Be3 0-0 11. Na4 Nbd7 12. Rc1 b5 13. Nc3 Bb7 14. f3 Ne5 15. Nd2 Rac8 16. Ne2 Rfd8 17. b3 d5 18. f4 Neg4 19. Bd4 dxe4 20. h3 e3 21. Bxb7 Nf2 22. Rxf2 exf2+ 23. Kxf2 Qxb7 24. c3 Bc5 25. Kg1 Ne4 26. Nf1 Nxc3 27. Nxc3 Bxd4+ 28. Kh2 0-1

[Event "Feffernitz Raika op 18th"]
[Site "Feffernitz"]
[Date "2009.08.21"]
[Round "7"]
[White "Arztmann, Wolfgang"]
[Black "Hofer, Christian"]
[Result "1/2-1/2"]
[WhiteElo "2105"]
[BlackElo "1751"]
[PlyCount "50"]
[EventDate "2009.08.16"]
[EventType "swiss"]
[EventRounds "9"]
[EventCountry "AUT"]
[SourceTitle "CBM 131 Extra"]
[Source "ChessBase"]
[SourceDate "2009.09.03"]
[SourceVersion "2"]
[SourceVersionDate "2009.09.16"]
[SourceQuality "1"]

1. e4 c5 2. Na3 e6 3. c3 a6 4. f4 b6 5. Nf3 Nf6 6. d3 d6 7. Be2 Bb7 8. 0-0 Be7 9. Qe1 0-0 10. Qg3 Ne8 11. Ng5 h6 12. Nh3 f5 13. e5 Nc6 14. Nc2 Nc7 15. d4 Kh7 16. Bh5 Bh4 17. Qg6+ Kg8 18. Bf3 Rb8 19. Qh5 Be7 20. Be3 Qe8 21. Qxe8 Rfxe8 22. Rad1 cxd4 23. Nxd4 Nxd4 24. Bxd4 Bxf3 25. Rxf3 d5 1/2-1/2

[Event "Feffernitz Raika op 17th"]
[Site "Feffernitz"]
[Date "2008.08.20"]
[Round "5"]
[White "Saringer, Hubert"]
[Black "Hofer, Christian"]
[Result "0-1"]
[WhiteElo "1867"]
[BlackElo "1620"]
[PlyCount "54"]
[EventDate "2008.08.17"]
[EventType "swiss"]
[EventRounds "9"]
[EventCountry "AUT"]
[SourceTitle "CBM 126 Extra"]
[Source "ChessBase"]
[SourceDate "2008.11.05"]
[SourceVersion "1"]
[SourceVersionDate "2008.11.05"]
[SourceQuality "1"]

1. d4 Nf6 2. c4 g6 3. Nc3 d5 4. cxd5 Nxd5 5. e4 Nxc3 6. bxc3 Bg7 7. Bc4 c5 8. Ne2 Nc6 9. Be3 0-0 10. 0-0 Qc7 11. Rc1 Rd8 12. Qc2 Na5 13. Bd3 c4 14. Bf4 e5 15. Be3 cxd3 16. Qxd3 Nc4 17. Bg5 Re8 18. d5 Nd6 19. c4 b6 20. Rc2 Ba6 21. Rfc1 Rac8 22. Qa3 Bxc4 23. Rxc4 Nxc4 24. d6 Nxa3 25. Rxc7 Rxc7 26. dxc7 f6 27. Bc1 Nb5 0-1

[Event "Feffernitz Raika op 16th"]
[Site "Feffernitz"]
[Date "2007.08.20"]
[Round "3"]
[White "Mayer, Martin"]
[Black "Hofer, Christian"]
[Result "1-0"]
[WhiteElo "2105"]
[BlackElo "1625"]
[PlyCount "113"]
[EventDate "2007.08.19"]
[EventType "swiss"]
[EventRounds "9"]
[EventCountry "AUT"]
[SourceTitle "EXT 2008"]
[Source "ChessBase"]
[SourceDate "2007.11.25"]
[SourceVersion "1"]
[SourceVersionDate "2007.11.25"]
[SourceQuality "1"]

1. e4 c5 2. Nf3 e6 3. d4 cxd4 4. Nxd4 Qb6 5. Nc3 Bc5 6. Be3 Nc6 7. Na4 Qa5+ 8. c3 Bxd4 9. Bxd4 Nxd4 10. Qxd4 e5 11. Qd1 Nf6 12. b4 Qc7 13. Bd3 a6 14. c4 d6 15. 0-0 0-0 16. Qe2 Bd7 17. Nc3 Rac8 18. Rfc1 Qb6 19. a3 Bg4 20. Qc2 Qd4 21. Kh1 Be6 22. Qe2 Ng4 23. Nd1 f5 24. f3 Nh6 25. Qe3 Qxe3 26. Nxe3 fxe4 27. Bxe4 Rc7 28. Bd5 Bf7 29. Ra2 Rfc8 30. Rac2 Kf8 31. Kg1 Bxd5 32. Nxd5 Rc6 33. Kf1 Nf5 34. Rc3 Ne7 35. Nxe7 Kxe7 36. Ke2 b5 37. Kd3 Ke6 38. cxb5 Rxc3+ 39. Rxc3 Rxc3+ 40. Kxc3 axb5 41. Kb3 d5 42. a4 bxa4+ 43. Kxa4 e4 44. fxe4 dxe4 45. Kb3 Kd5 46. Kc3 h6 47. Kd2 Kd4 48. b5 e3+ 49. Ke2 Kc5 50. Kxe3 Kxb5 51. Ke4 Kc6 52. Kf5 Kd5 53. Kg6 Ke4 54. Kxg7 h5 55. Kg6 h4 56. Kg5 h3 57. gxh3 1-0

[Event "AUT-ch U14"]
[Site "Deutschlandsberg"]
[Date "2006.??.??"]
[Round "4"]
[White "Kozomara, David"]
[Black "Hofer, Christian"]
[Result "1-0"]
[WhiteElo "1715"]
[BlackElo "1695"]
[PlyCount "131"]
[EventDate "2006.06.??"]
[EventType "swiss"]
[EventRounds "7"]
[EventCountry "AUT"]
[SourceTitle "EXT 2009"]
[Source "ChessBase"]
[SourceDate "2008.11.26"]
[SourceVersion "1"]
[SourceVersionDate "2008.11.26"]
[SourceQuality "1"]

1. e4 c5 2. Nf3 d6 3. d4 cxd4 4. Nxd4 Nf6 5. Nc3 g6 6. f3 Bg7 7. Be3 Bd7 8. Qd2 Nc6 9. Be2 0-0 10. g4 Rc8 11. h4 e6 12. h5 a6 13. Nb3 Qc7 14. hxg6 fxg6 15. 0-0-0 Ne8 16. Bh6 Rf7 17. Bxg7 Rxg7 18. f4 b5 19. Bd3 Ne7 20. Rhf1 Rf7 21. Rf2 Nf6 22. g5 Ne8 23. Rdf1 Ng7 24. Ne2 Rcf8 25. Qe3 e5 26. Nc3 exf4 27. Rxf4 Rxf4 28. Rxf4 Rxf4 29. Qxf4 Nh5 30. Qf2 Bc6 31. Nd2 d5 32. exd5 Nxd5 33. Nxd5 Bxd5 34. a4 Nf4 35. Qe3 Nxd3+ 36. Qxd3 Qe5 37. c3 bxa4 38. Qxa6 Qe1+ 39. Kc2 Be4+ 40. Nxe4 Qxe4+ 41. Qd3 Qg2+ 42. Qd2 Qe4+ 43. Kc1 Qh1+ 44. Qd1 Qh4 45. Qd8+ Kg7 46. Qd7+ Kg8 47. Qd5+ Kf8 48. c4 Qf4+ 49. Kc2 Qf5+ 50. Kc3 Qh3+ 51. Qd3 Qf5 52. Qxf5+ gxf5 53. Kd4 Ke7 54. Ke5 f4 55. Kxf4 Kd6 56. Ke4 Kc5 57. Kd3 Kb4 58. Kd4 Kb3 59. c5 Kxb2 60. c6 a3 61. c7 a2 62. c8Q Kb1 63. Qb7+ Kc1 64. Qc6+ Kb1 65. Qb5+ Kc1 66. Qc4+ 1-0